| 000 | 00339nam a2200133Ia 4500 | ||
|---|---|---|---|
| 008 | 150301s2013 xx 000 0 und d | ||
| 082 |
_a616.024 _bM13D |
||
| 100 | _aDOUGLAS, GRAHAN | ||
| 245 | _aMACLEOD'S CLINICAL EXAMINATION | ||
| 260 |
_bCHURCHILL LIVINGSTON _c2013 |
||
| 300 | _a451 | ||
| 650 | _aGENERAL MEDICINE | ||
| 942 |
_2ddc _cBK _041 |
||
| 999 |
_c6674 _d6674 |
||